| 000 | 00790cam a2200253I 4500 | ||
|---|---|---|---|
| 999 |
_c5597 _d5597 |
||
| 001 | 231319 | ||
| 003 | OSt | ||
| 005 | 20190329112722.0 | ||
| 008 | 820902|1958||||||| 00| ||eng c | ||
| 010 | _a58007578 | ||
| 035 | _a0032-50760 | ||
| 040 | _cDLC | ||
| 050 | 0 |
_aBL51 _b.H469 1958a |
|
| 082 |
_a201 _bH535F |
||
| 100 | 1 | _aHerberg, Will | |
| 245 | 1 | 0 |
_aFour existentialist theologians; _ba reader from the works of Jacques Maritain, Nicolas Berdyaev, Martin Buber, and Paul Tillich. _cSelected, and with an introd. and biographical notes, by Will Herberg |
| 250 | _a[1st ed.] | ||
| 260 |
_aGarden City, N. Y., _bDoubleday, _c1958 |
||
| 300 |
_a346 p. _c22 cm |
||
| 490 | 0 | _aDoubleday anchor books | |
| 650 | 0 |
_aReligion _xPhilosophy |
|
| 650 | 0 | _aExistentialism | |
| 942 |
_2ddc _cBK |
||